000
00265nam a22001217a 4500
008
171127b xxu||||| |||| 00| 0 eng d
041
_a
eng
080
_a
32
100
_a
16
101
_a
POL
245
_a
THE AGE OF ENLIGHTENMENT
_c
FELLOWS, O.E
942
_2
udc
_c
BK
999
_c
38573
_d
38573